000
00302nam a2200121Ia 4500
008
241028s9999 xx 000 0 und d
041
_a
eng
082
_a
302.35 NEL
100
_a
Nelson/ Quick
245
_a
Orgb With Mindtap
260
_b
Cengage Learning India
_a
Dehli
_c
2022
300
_a
378;. P. 28 cm
999
_c
42986
_d
42986